Shakkinappulat (Lauta & nappulat) - Statistics

Yleistilastot
  • Tätä visaa on pelattu 200 kertaa
  • Keskiarvotulos 6 / 6
Vastaustilastot
Nappula % Oikein
Kuningatar
99%
Kuningas
98%
Torni
95%
Ratsu
94%
Sotilas
93%
Lähetti
85%
Ehtoja vastaavia visoja ei löytynyt
Tulosjakauma
Jokaisen tuloksen saaneiden osuus
Persentiili vastausten määrän mukaan
Tuloshistoriasi
Et ole pelannut tätä visaa